| Поле | Инд. | ПП | Название | Значение |
|---|---|---|---|---|
| Тип записи | a | |||
| Библиографический уровень | a | |||
| 001 | Контрольный номер | 12f21908476b44cd93e1cc6c29e86e6b | ||
| 005 | Дата корректировки | 20180409143738.7 | ||
| 020 | a | ISBN | 978-5-7609-1071-4 | |
| 040 | a | Служба первич. каталог. | НБ ТвГУ | |
| b | Код языка каталог. | rus | ||
| e | Правила каталог. | PSBO | ||
| 041 | 0_ | a | Код языка текста | rus |
| 097 | b | Оператор | novikova | |
| 100 | 1_ | a | Автор | Чепкасов Илья Васильевич |
| q | Полное имя | Чепкасов И. В. | ||
| 245 | 10 | a | Заглавие | Изменение формы и структуры нанокластеров меди, синтезированных из газовой фазы |
| 260 | a | Место издания | Тверь | |
| b | Издательство | Тверской государственный университет | ||
| 504 | a | Библиография | Библиогр.: с. 518 (6 назв.) | |
| 520 | 0_ | a | Аннотация | С целью анализа влияния термического воздействия на форму и структуру синтезированных из газовой фазы частиц меди был произведен их плавный нагрев в интервале температур 100-1200 К. Было выявлено, что при кратковременном нагреве происходит значительное упорядочивание внутренней структуры 70% массива исследуемых кластеров. |
| 653 | 0_ | a | Ключевые слова | Компьютерное моделирование |
| a | Ключевые слова | Наночастицы меди | ||
| a | Ключевые слова | Газовая фаза | ||
| a | Ключевые слова | Структура | ||
| a | Ключевые слова | Медь | ||
| a | Ключевые слова | Нанокластеры | ||
| 773 | 18 | w | Контрольный № источника | 67f1c3cb19164cf49a6059cbdd45e2bd |
| t | Название источника | Физико-химические аспекты изучения кластеров, наноструктур и наноматериалов | ||
| d | Место и дата издания | Тверь : Тверской государственный университет , 2015 | ||
| g | Прочая информация | Вып. 7. - С. 515-518 | ||
| 856 | 40 | u | URL | http://texts.lib.tversu.ru/texts/11706t.pdf |
| x | Примечание для ЭОР | Справка УИС 2016 | ||
| i | Дата подключения ЭОР | 20170420 | ||
| x | Примечание для ЭОР | Реестр суммарного учета сетевых локальных документов | ||
| 900 | a | Имя макрообъекта | 11706t | |
| 901 | t | Тип документа | a | |
| 920 | a | Оператор | Нови |